{"text_format":"3","workbook":"xlsx","n_sheets":3,"sheets":["Sheet1","Sheet2","Sheet3"],"read":"whole","date_system":"1900"}

{"sheet":"Sheet1","index":0,"n_rows":31,"n_cols":9,"rows_kept":31,"merged":[[0,0,0,8],[2,8,23,8],[22,1,22,2],[23,1,23,2],[24,1,24,2]]}
["报价单"]
["序号","编号","名称","型号规格","单位","数量","控制价","  合价","备注"]
[1,"MDA","LED线性埋地灯","DC24V/36W/3000K/10*60°/IP67欧司朗芯片","米",66,470,{"$f":"F3*G3","v":31020},"\n\n\n\n\n\n\n\n\n\n  含安装"]
[2,"XTA","LED线条灯","DC24V/12W/4000K/120°/IP65/DMX512/每米8段","米",480,260,{"$f":"F4*G4","v":124800}]
[3,"TGA","LED埋地灯","DC24V/48W/2700K/30°/IP66欧司朗芯片","套",15,630,9450]
[4,"TGB","LED国徽投光灯","DC24V/10W/3600K/1.2°/IP65欧司朗芯片","套",2,700,1400]
[5,null,"主控器",null,"套",1,3500,3500]
[6,null,"分控器",null,"套",4,2600,10400]
[7,null,"开关电源","DC24V/350W","套",44,280,12320]
[8,null,"ZR-YJY3*4",null,"米",800,25,20000]
[9,null,"ZR-RVV2*4",null,"米",600,18,10800]
[10,null,"超五类网线",null,"米",400,8,3200]
[11,null,"PVC25",null,"米",{"$f":"F10","v":800},8,6400]
[12,null,"PVC20",null,"米",1000,8,8000]
[13,null,"柜式配电箱","总闸100A漏电开关2P63A4个1P空开2个时空开关1个","套",2,4600,9200]
[14,null,"洗墙灯","DC24V/24W/3000K/10*60°/IP67欧司朗芯片","米",12,400,4800]
[15,null,"壁灯","AC220V/18W/3000K","套",22,200,4400]
[16,null,"墙面清洗",null,"项",1,18000,18000]
[17,null,"LED埋地灯","DC24V/36W/2700K/30°/IP66欧司朗芯片","套",8,480,3840]
[18,null,"路面开挖",null,"米",100,50,5000]
[19,null,"50过路钢管",null,"米",50,30,1500]
[20,null,"墙面开孔",null,"项",1,100,100]
[19,"不含税合计",{"$nulls":5},{"$f":"SUM(H3:H22)","v":288130}]
[20,"税率"]
[21,"总价含税",{"$nulls":6},"注明税率"]
[]
[null,null,"报价单位(章):"]
[{"$nulls":6},"时间:"]
[null,null,"联系人:"]
[]
[null,null,"联系电话:"]

{"sheet":"Sheet2","index":1,"n_rows":0,"n_cols":0,"rows_kept":0}

{"sheet":"Sheet3","index":2,"n_rows":0,"n_cols":0,"rows_kept":0}